书目信息 |
| 题名: |
铜氧超导微观解析理论分析及超导应用展望
|
|
| 作者: | 李生好 著 | |
| 分册: | ||
| 出版信息: | 成都 电子科技大学出版社 2017.11 |
|
| 页数: | 290页 | |
| 开本: | 26cm | |
| 丛书名: | ||
| 单 册: | ||
| 中图分类: | O511 | |
| 科图分类: | ||
| 主题词: | 铜--氧化物--高温超导性--研究 | |
| 电子资源: | ||
| ISBN: | 978-7-5647-5258-3 | |
| 000 | 00812nam0 2200217 450 | |
| 001 | 5368 | |
| 005 | 20181015161936.25 | |
| 010 | @a978-7-5647-5258-3@dCNY67.00 | |
| 100 | @a20180819d2017 em y0chiy50 ea | |
| 101 | 0 | @achi |
| 102 | @aCN@b510000 | |
| 105 | @aa z 000yy | |
| 200 | 1 | @a铜氧超导微观解析理论分析及超导应用展望@9tong yang chao dao wei guan jie xi li lun fen xi ji chao dao ying yong zhan wang@f李生好著 |
| 210 | @a成都@c电子科技大学出版社@d2017.11 | |
| 215 | @a290页@c图@d26cm | |
| 330 | @a本书经过多年大量的理论和实验研究,对铜氧化物高温超导体的超导机理进行了微观解析,并对近些年以及未来数年中超导体的应用方向进行了解构与展望。 | |
| 606 | 0 | @a铜@x氧化物@x高温超导性@x研究 |
| 690 | @aO511@v5 | |
| 701 | 0 | @a李生好@9li sheng hao@4著 |
| 801 | 0 | @aCN@b91MARC@c20180819 |
| 905 | @aMuseLib@dO511@e21 | |
| 铜氧超导微观解析理论分析及超导应用展望/李生好著.-成都:电子科技大学出版社,2017.11 |
| 290页:图;26cm |
| ISBN 978-7-5647-5258-3:CNY67.00 |
| 本书经过多年大量的理论和实验研究,对铜氧化物高温超导体的超导机理进行了微观解析,并对近些年以及未来数年中超导体的应用方向进行了解构与展望。 |
| ● |
| 相关链接 |
|
|
|
|
正题名:铜氧超导微观解析理论分析及超导应用展望
索取号:O511/21
 
预约/预借
| 序号 | 登录号 | 条形码 | 馆藏地/架位号 | 状态 | 备注 |
| 1 | 1129365 | 211293651 | 第二样本阅览室/ [索取号:O511/21] | 在馆 | |
| 2 | 1129366 | 211293660 | 化学系资料室/ [索取号:O511/21] | 在馆 | |
| 3 | 1129367 | 211293679 | 第三借阅区/ [索取号:O511/21] | 在馆 | |
| 4 | 1129368 | 211293688 | 第三借阅区/ [索取号:O511/21] | 在馆 | |
| 5 | 1129369 | 211293697 | 第三借阅区/ [索取号:O511/21] | 在馆 |